Animal Cakes Quiz Stats

 Plays Quiz Updated Mar 30, 2016

Also try: Disney by Cake
Challenge
Share
Tweet
Score 0/20 Timer 05:00
16 Plays Today
% Correct
Owl
99.8%
Lion
98.7%
Elephant
97.6%
Dolphin
97.6%
Shark
97.6%
Fox
97.2%
Hippopotamus
96.9%
Monkey
96.6%
Rabbit
96.2%
Octopus
96.1%
% Correct
Pig
95.8%
Giraffe
95.6%
Alligator
95.6%
Penguin
95.4%
Cow
95.2%
Bald eagle
95.2%
Turtle
95.1%
Orca
94.7%
Stingray
90.7%
Armadillo
90.1%

You're not logged in!

Compare scores with friends on all Sporcle quizzes.
OR
Log In

You Might Also Like...

Show Comments

Extras

Top Quizzes Today


Score Distribution

Your Account Isn't Verified!

In order to create a playlist on Sporcle, you need to verify the email address you used during registration. Go to your Sporcle Settings to finish the process.

Report this User

Report this user for behavior that violates our Community Guidelines.

Details: